[Event "Spice Cup Open"]
[Site "Saint Louis USA"]
[Date "2012.10.16"]
[Round "2"]
[White "Kiewra, Keaton F"]
[Black "Agrest, Inna"]
[Result "1-0"]
[WhiteTitle "IM"]
[BlackTitle "WIM"]
[WhiteElo "2442"]
[BlackElo "2204"]
[WhiteFideId "2019280"]
[BlackFideId "1708830"]
[EventDate "2012.10.16"]

1. d4 Nf6 2. c4 g6 3. Nc3 Bg7 4. e4 d6 5. Nf3 O-O 6. h3 Na6 7. Bg5 e5 8. dxe5
dxe5 9. Qxd8 Rxd8 10. Nd5 Rd6 11. Bxf6 Bxf6 12. Rc1 Bd8 13. c5 Re6 14. b4 c6 15.
Bxa6 bxa6 16. Nc3 Rb8 17. O-O Rxb4 18. Rfd1 Ba5 19. Ng5 Re8 20. Rd6 Rc4 21. Ne2
Rxc1+ 22. Nxc1 Rd8 23. Rxd8+ Bxd8 24. Nf3 f6 25. Kf1 Be6 26. Ne1 Bc4+ 27. Ned3
Ba5 28. Ke2 Bc3 29. Kd1 Kf7 30. Kc2 Bd4 31. f3 Ke8 32. Nb3 Be3 33. Kc3 Be6 34.
Nb4 a5 35. Nxa5 Bd4+ 36. Kd3 Bxc5 37. Naxc6 a5 38. Nd5 Bxd5 39. exd5 Bb6 40. a4
Kd7 41. Kc4 Kd6 42. Kb5 Bf2 43. Nxa5 Kxd5 44. Nc4 f5 45. a5 e4 46. Nb6+ Ke6 47.
fxe4 fxe4 48. Kc4 Kd6 49. Nd5 Ba7 50. Nc3 Kc6 51. Nxe4 Bg1 52. Nf6 h5 53. Nd5 g5
54. Nf6 h4 55. Nd5 Bf2 56. Nb4+ Kb7 57. Kb5 Bg1 58. a6+ Ka7 59. Nc6+ Ka8 60. Kc4
Bf2 61. Kd5 Bg1 62. Ke4 Bf2 63. Kf5 Be3 64. Kg4 Bc1 65. Kh5 Be3 66. Ne5 Ka7 67.
Nf3 Kxa6 68. Nxg5 Kb6 69. Kxh4 Kc6 70. Kh5 Kd7 71. Kg6 Bf2 72. Nf3 Ke7 73. h4
Bc5 74. h5 Ba3 75. h6 Bb2 76. Ng5 Kd6 77. h7 Kd5 78. Nf7 Ke4 79. g4 Kf4 1-0

[Event "Spice Cup Open"]
[Site "Saint Louis USA"]
[Date "2012.10.16"]
[Round "2"]
[White "Boros, Denes"]
[Black "Fierro Baquero, Martha L."]
[Result "1-0"]
[WhiteTitle "GM"]
[BlackTitle "IM"]
[WhiteElo "2492"]
[BlackElo "2387"]
[WhiteFideId "722340"]
[BlackFideId "3600270"]
[EventDate "2012.10.16"]

1. e4 g6 2. d4 Bg7 3. Nc3 c6 4. Be3 d6 5. Qd2 Nd7 6. g4 h6 7. a4 Qa5 8. Nge2 Nb6
9. Nc1 Bxg4 10. b4 Qh5 11. a5 Nd7 12. N1e2 Bf3 13. Nf4 Qh4 14. Bg2 Bxg2 15. Nxg2
Qh3 16. Nf4 Qf3 17. Rg1 Ngf6 18. Qe2 Qxe2+ 19. Nfxe2 O-O 20. f4 Kh7 21. e5 dxe5
22. dxe5 Nh5 23. O-O-O Nb8 24. Ne4 Na6 25. c3 Nc7 26. c4 Na6 27. Rd7 f6 28. b5
cxb5 29. cxb5 Rac8+ 30. Kb1 Nc7 31. N2c3 fxe5 32. fxe5 Bxe5 33. Rxe7+ Bg7 34.
Nd6 Rcd8 35. Rxc7 Rxd6 36. Bc5 Rdd8 37. Bxf8 Rxf8 38. Rxb7 Rf3 39. Nd5 Rb3+ 40.
Ka2 Rb2+ 41. Ka3 Rd2 42. Rd7 1-0

[Event "Spice Cup Open"]
[Site "Saint Louis USA"]
[Date "2012.10.16"]
[Round "2"]
[White "Gerzhoy, Leonid"]
[Black "Leon Hoyos, Manuel"]
[Result "1/2-1/2"]
[WhiteTitle "IM"]
[BlackTitle "GM"]
[WhiteElo "2469"]
[BlackElo "2603"]
[WhiteFideId "2806126"]
[BlackFideId "5105269"]
[EventDate "2012.10.16"]

1. d4 Nf6 2. Nf3 g6 3. c4 c5 4. Nc3 cxd4 5. Nxd4 Nc6 6. e4 d6 7. Be2 Nxd4 8.
Qxd4 Bg7 9. Be3 O-O 10. Qd2 a5 11. O-O a4 12. Rab1 Qa5 13. f3 Be6 14. Rfc1 Rfc8
15. b3 axb3 16. axb3 Qb4 17. Na4 Qxd2 18. Bxd2 Nd7 19. Be3 Kf8 20. Kf2 f5 21.
Bd3 Ne5 22. Bc2 Nd7 23. exf5 gxf5 24. Bd3 Kf7 25. f4 Nc5 26. Nxc5 dxc5 27. Rc2
Ra3 28. Be2 b6 29. b4 Bd4 30. Bxd4 cxd4 31. Rd1 Rb3 32. b5 Rxb5 33. cxb5 Rxc2
34. Rxd4 Ke8 35. Ke3 Bd7 36. Bh5+ Kd8 37. Bf7 e5 38. fxe5 Ke7 39. Bc4 Be8 40.
Be2 Ke6 41. Bf3 Kxe5 42. Rd5+ Ke6 43. Rxf5 Rc3+ 44. Kd4 Kxf5 45. Kxc3 Bxb5 46.
g3 Ke5 47. h4 Bd7 48. Be2 Bc6 49. Bd1 Bg2 50. Be2 Be4 51. Bd1 Kd5 52. Be2 Bg6
53. g4 h6 54. g5 hxg5 1/2-1/2

[Event "Spice Cup Open"]
[Site "Saint Louis USA"]
[Date "2012.10.16"]
[Round "2"]
[White "Finegold, Benjamin"]
[Black "Troff, Kayden W"]
[Result "1-0"]
[WhiteTitle "GM"]
[BlackTitle "FM"]
[WhiteElo "2493"]
[BlackElo "2312"]
[WhiteFideId "2000261"]
[BlackFideId "2047896"]
[EventDate "2012.10.16"]

1. d4 Nf6 2. c4 g6 3. Nc3 d5 4. e3 Bg7 5. Qb3 e6 6. Qa3 c6 7. Nf3 a5 8. c5 O-O
9. Be2 Nbd7 10. O-O Re8 11. b4 b6 12. Rb1 Ba6 13. Bxa6 Rxa6 14. b5 cxb5 15. Rxb5
bxc5 16. dxc5 Qe7 17. Bb2 Rc8 18. Na4 Ne4 19. Bxg7 Kxg7 20. Rb7 Qe8 21. Rc1 e5
22. h4 Rac6 23. Rxd7 Qxd7 24. Nb6 Qe7 25. Nxc8 Rxc8 26. Qxa5 Rxc5 27. Rxc5 Nxc5
28. Qb4 Qc7 29. a4 Nd3 30. Qd2 Qc4 31. a5 f6 32. Ne1 Nb4 33. Qb2 Qxh4 34. a6
Nxa6 35. Qb7+ Kh6 36. Qxa6 Qb4 37. Nf3 Kg7 38. Qa7+ Kh6 39. Qf7 Qd6 40. Nh2 d4
41. exd4 exd4 42. Nf3 g5 43. Nh2 Qf4 44. g3 Qf5 45. f3 g4 46. Qf8+ Kg5 47. Qg8+
Qg6 48. Qd5+ Qf5 49. Qg8+ Qg6 50. Qd5+ Qf5 51. Qxf5+ Kxf5 52. Nxg4 h5 53. Nf2
Kg5 54. Kg2 f5 55. Nh3+ Kf6 56. Nf4 Ke5 57. Kf2 h4 58. Nd3+ Kf6 59. gxh4 Kg6 60.
Kg3 Kh5 61. Nf4+ Kh6 62. Kf2 1-0

[Event "Spice Cup Open"]
[Site "Saint Louis USA"]
[Date "2012.10.16"]
[Round "2"]
[White "Helfst, Matt D"]
[Black "Sharevich, Anna"]
[Result "0-1"]
[BlackTitle "WGM"]
[WhiteElo "1965"]
[BlackElo "2294"]
[WhiteFideId "2044102"]
[BlackFideId "13503189"]
[EventDate "2012.10.16"]

1. d4 d5 2. Nf3 Nf6 3. c4 e6 4. g3 Bb4+ 5. Bd2 a5 6. Bg2 dxc4 7. Qc2 Bd6 8. Qxc4
O-O 9. O-O Nbd7 10. Rd1 Qe7 11. Nc3 e5 12. dxe5 Nxe5 13. Nxe5 Bxe5 14. Be3 Qb4
15. Qxb4 axb4 16. Nb5 c6 17. Bd4 Bxd4 18. Nxd4 Bd7 19. Nc2 Rfe8 20. e3 Bg4 21.
Rdc1 Rad8 22. Nxb4 Rd2 23. Nc2 Red8 24. h3 Bf5 25. Nd4 Be4 26. f3 Bg6 27. b3 Nd5
28. Re1 Nc3 29. a4 Nd5 30. f4 Nxe3 31. Rxe3 R2xd4 32. Rae1 Kf8 33. Be4 f5 34.
Bc2 R8d7 35. Kf2 Rd2+ 36. R1e2 Bh5 37. Bxf5 Bxe2 38. Rxe2 Rxe2+ 39. Kxe2 Re7+
40. Kd3 g6 41. Be4 Kf7 42. b4 Ke6 43. Kd4 Kd6 44. a5 Rg7 45. h4 Re7 46. g4 Rf7
47. f5 gxf5 48. Bxf5 h5 49. Ke4 hxg4 50. Bxg4 Rf1 51. h5 Rb1 52. Kf5 Rxb4 53. h6
Rb5+ 54. Kg6 Rxa5 55. Kg7 Rg5+ 0-1

[Event "Spice Cup Open"]
[Site "Saint Louis USA"]
[Date "2012.10.16"]
[Round "2"]
[White "Jayakumar, Adarsh"]
[Black "Finegold, Spencer"]
[Result "1/2-1/2"]
[WhiteTitle "FM"]
[WhiteElo "2290"]
[BlackElo "2081"]
[WhiteFideId "5026520"]
[BlackFideId "2047527"]
[EventDate "2012.10.16"]

1. d4 Nf6 2. c4 g6 3. g3 Bg7 4. Bg2 d5 5. cxd5 Nxd5 6. Nf3 O-O 7. O-O Nb6 8. Nc3
Nc6 9. e3 Re8 10. Re1 a5 11. Qe2 Be6 12. Nd2 Nb4 13. Rd1 c6 14. Nde4 Bc4 15. Qf3
N4d5 16. Nd2 Ba6 17. Nb3 Nxc3 18. bxc3 Na4 19. e4 Qc7 20. Ba3 e5 21. Rac1 Bc4
22. Qe3 Rad8 23. d5 Bf8 24. Bxf8 Rxf8 25. Nc5 Nb6 26. d6 Rxd6 27. Rxd6 Qxd6 28.
Nxb7 Qc7 29. Nxa5 Bxa2 30. Qc5 Na4 31. Qb4 Ra8 32. Qxa4 Rxa5 33. Qc2 Bc4 34. Bf1 1/2-1/2

[Event "Spice Cup Open"]
[Site "Saint Louis USA"]
[Date "2012.10.16"]
[Round "2"]
[White "Banawa, Jouaquin"]
[Black "Cassidy, Brian H"]
[Result "1-0"]
[WhiteTitle "FM"]
[WhiteElo "2300"]
[BlackElo "2098"]
[WhiteFideId "5201632"]
[BlackFideId "2064910"]
[EventDate "2012.10.16"]

1. d4 Nf6 2. c4 e6 3. Nc3 d5 4. cxd5 exd5 5. Bg5 Nbd7 6. e3 c6 7. Bd3 Bd6 8. Qc2
Nf8 9. O-O-O Ne6 10. Bh4 g6 11. f3 Be7 12. Nge2 Ng7 13. h3 O-O 14. g4 b5 15. Bg3
a5 16. h4 a4 17. h5 g5 18. h6 Nge8 19. Be5 Bd6 20. Rh5 Bxe5 21. Rxg5+ Kh8 22.
dxe5 Nd7 23. f4 Qb6 24. Nd4 Nc5 25. Bxb5 Nb3+ 26. axb3 cxb5 27. Nxd5 Qb7 28. Qc5
Rg8 29. Rxg8+ Kxg8 30. Nf6+ Nxf6 31. exf6 Bf5 32. Nxf5 axb3 33. Rd5 Ra1+ 34. Kd2
Rb1 35. Rd8# 1-0

[Event "Spice Cup Open"]
[Site "Saint Louis USA"]
[Date "2012.10.16"]
[Round "2"]
[White "Bregadze, Levan"]
[Black "Mikhalevski, Victor"]
[Result "0-1"]
[WhiteTitle "IM"]
[BlackTitle "GM"]
[WhiteElo "2366"]
[BlackElo "2538"]
[WhiteFideId "13603264"]
[BlackFideId "2801914"]
[EventDate "2012.10.16"]

1. Nf3 Nf6 2. c4 g6 3. Nc3 d5 4. cxd5 Nxd5 5. Qa4+ Nc6 6. Ne5 Qd6 7. Nxc6 Qxc6
8. Qxc6+ bxc6 9. b3 Nxc3 10. dxc3 Bg7 11. Bb2 Be6 12. O-O-O a5 13. c4 O-O 14.
Bxg7 Kxg7 15. e3 a4 16. Kb2 c5 17. Bd3 Ra6 18. Bc2 Rb8 19. Kc3 axb3 20. axb3
Rba8 21. Rd2 Rb8 22. Rdd1 Rba8 23. Rd2 Rd6 24. Rhd1 Ra2 25. Bb1 Ra3 26. Rxd6
exd6 27. Rd2 g5 28. Ra2 Rxa2 29. Bxa2 Bf5 30. f3 Kf6 31. b4 cxb4+ 32. Kxb4 c5+
33. Kc3 h5 34. Bb3 h4 35. Bd1 Bg6 36. g3 Bh5 37. Kd2 Ke6 38. e4 hxg3 39. hxg3 f6
40. Ke3 Kd7 41. Be2 Kc6 42. Kd3 Kb6 43. Kc3 Ka5 44. Kb3 Be8 45. g4 Bc6 46. Kc3
Ba4 47. Kd3 Kb4 48. Ke3 Bb3 49. f4 Bxc4 50. Bd1 Bb3 51. Be2 Bc2 52. Ba6 c4 53.
e5 gxf4+ 54. Kd2 Bg6 55. exd6 Be8 56. Ke2 c3 57. Bd3 Kc5 58. Kf3 Kxd6 59. Kxf4
Bd7 60. g5 fxg5+ 61. Kxg5 Ke5 62. Bc2 Bc8 63. Kg6 Bg4 64. Kg7 Be2 65. Kf7 Kd4
66. Kf6 Ke3 0-1

[Event "Spice Cup Open"]
[Site "Saint Louis USA"]
[Date "2012.10.16"]
[Round "2"]
[White "Perelshteyn, Eugene"]
[Black "Schneider, Veronika"]
[Result "1-0"]
[WhiteTitle "GM"]
[BlackTitle "WGM"]
[WhiteElo "2528"]
[BlackElo "2313"]
[WhiteFideId "2012529"]
[BlackFideId "721530"]
[EventDate "2012.10.16"]

1. d4 Nf6 2. c4 g6 3. Nc3 d5 4. cxd5 Nxd5 5. e4 Nxc3 6. bxc3 Bg7 7. Bc4 c5 8.
Ne2 O-O 9. Be3 Nc6 10. Rc1 Na5 11. Bd3 b6 12. h4 Be6 13. d5 Bd7 14. h5 e6 15. c4
Qf6 16. f4 exd5 17. cxd5 Qb2 18. e5 Qxa2 19. hxg6 hxg6 20. Kf2 Rfd8 21. Bb1 Qa3
22. Nc3 Nc4 23. Qe2 b5 24. Nd1 Nxe3 25. Nxe3 c4 26. Be4 Rac8 27. Qf3 Qb2+ 28.
Rc2 Qd4 29. Rd1 Qb6 30. Kg3 g5 31. Rh1 Qd4 32. Rh5 f6 33. e6 Be8 34. Nf5 gxf4+
35. Kh2 Bxh5 36. Qxh5 Qc5 37. Qf7+ 1-0

[Event "Spice Cup Open"]
[Site "Saint Louis USA"]
[Date "2012.10.16"]
[Round "2"]
[White "Heredia Serrano, Carla"]
[Black "Ostrovskiy, Aleksandr A"]
[Result "1/2-1/2"]
[WhiteTitle "WIM"]
[BlackTitle "FM"]
[WhiteElo "2188"]
[BlackElo "2377"]
[WhiteFideId "3603687"]
[BlackFideId "2034239"]
[EventDate "2012.10.16"]

1. e4 c6 2. d4 d5 3. Nd2 dxe4 4. Nxe4 Bf5 5. Ng3 Bg6 6. Nf3 Nd7 7. h4 h6 8. h5
Bh7 9. Bd3 Bxd3 10. Qxd3 e6 11. Bd2 Ngf6 12. O-O-O Be7 13. Kb1 O-O 14. Ne4 Nxe4
15. Qxe4 Nf6 16. Qe2 Qd5 17. Ne5 Qe4 18. Qxe4 Nxe4 19. Be3 Rfd8 20. Rhe1 Rac8
21. c3 b5 22. g4 a5 23. f3 Nd6 24. b3 Nb7 25. Nd3 Kf8 26. Kc2 Ke8 27. f4 c5 28.
Ne5 cxd4 29. Bxd4 Bc5 30. Nf3 Bxd4 31. Nxd4 Rc5 32. Nf3 1/2-1/2

[Event "Spice Cup Open"]
[Site "Saint Louis USA"]
[Date "2012.10.16"]
[Round "2"]
[White "Jung, Hans Rudolf"]
[Black "Amanov, Zhanibek"]
[Result "0-1"]
[WhiteTitle "FM"]
[BlackTitle "IM"]
[WhiteElo "2150"]
[BlackElo "2374"]
[WhiteFideId "2600609"]
[BlackFideId "13700189"]
[EventDate "2012.10.16"]

1. Nc3 d5 2. e4 d4 3. Nce2 e5 4. Ng3 Be6 5. c3 c5 6. d3 Ne7 7. f4 exf4 8. Bxf4
Nbc6 9. Bd2 Qb6 10. Nf3 Qxb2 11. Rb1 Qa3 12. c4 b6 13. Be2 f6 14. O-O Ng6 15.
Nf5 Nge5 16. Ne1 g6 17. Nh6 Bg7 18. h3 Nf7 19. Ng4 Ke7 20. Qc2 h5 21. Nf2 Bh6
22. Rb3 Qa6 23. Bxh6 Rxh6 24. Qb2 Nfe5 25. Nc2 Qb7 26. Na3 Rhh8 27. Nb5 Qd7 28.
Qd2 g5 29. Nh1 h4 30. Nf2 Rag8 31. Rb2 Rg6 32. Na3 Rhg8 33. Bh5 R6g7 34. Nc2 Qd6
35. Ne1 g4 36. hxg4 Bxg4 37. Bxg4 Nxg4 38. Nxg4 Rxg4 39. Qh6 R8g6 40. Qh7+ Rg7
41. Qh6 Ne5 42. Rbf2 Nd7 43. Rf3 Qe5 44. Rf5 Qg3 45. R5f3 Qd6 46. Rh3 Qe6 47.
Rxh4 Rxh4 48. Qxh4 Qg4 49. Qxg4 Rxg4 50. Nf3 Ke6 51. Kf2 Nb8 52. Rh1 Nc6 53. a3
Rg7 54. Rh8 Rb7 55. a4 Nb4 56. Ne1 Rg7 57. Rh5 Rc7 58. Rh6 Rg7 59. Rh5 Kd6 60.
Rf5 Rg6 61. Rh5 a6 62. Rh7 a5 63. Rb7 Kc6 64. Rf7 Na2 65. Kf3 Nc3 66. Kf4 Nxa4
67. Kf5 Rg3 68. Rxf6+ Kc7 69. Ke5 Nb2 70. Rf3 Rxf3 71. gxf3 a4 72. Kf6 a3 73.
Nc2 a2 74. e5 0-1

[Event "Spice Cup Open"]
[Site "Saint Louis USA"]
[Date "2012.10.17"]
[Round "3"]
[White "Mogranzini, Roberto"]
[Black "Corrales Jimenez, Fidel"]
[Result "1/2-1/2"]
[WhiteTitle "IM"]
[BlackTitle "GM"]
[WhiteElo "2492"]
[BlackElo "2605"]
[WhiteFideId "810894"]
[BlackFideId "3506690"]
[EventDate "2012.10.16"]

1. c4 Nf6 2. g3 e6 3. Bg2 d5 4. Nf3 Be7 5. O-O O-O 6. b3 b6 7. Bb2 Bb7 8. e3 c5
9. Nc3 Nc6 10. cxd5 Nxd5 11. Nxd5 Qxd5 12. d4 Na5 13. dxc5 Bxc5 1/2-1/2

[Event "Spice Cup Open"]
[Site "Saint Louis USA"]
[Date "2012.10.17"]
[Round "3"]
[White "Neimer, Vitaly"]
[Black "Boros, Denes"]
[Result "1/2-1/2"]
[WhiteTitle "IM"]
[BlackTitle "GM"]
[WhiteElo "2384"]
[BlackElo "2492"]
[WhiteFideId "2807017"]
[BlackFideId "722340"]
[EventDate "2012.10.16"]

1. e4 e6 2. d4 d5 3. e5 c5 4. c3 Nc6 5. Nf3 Bd7 6. a3 Nge7 7. h4 Qb6 8. dxc5
Qxc5 9. b4 Qb6 10. c4 Qc7 11. Bb2 dxc4 12. Bxc4 Nxb4 13. Nbd2 Nbc6 14. O-O Nf5
15. Ne4 Be7 16. Rc1 O-O 17. Bd3 Qd8 18. g3 Na5 19. Qe2 Ba4 20. h5 Nh6 21. Nd4
Qd5 22. Rc7 Rae8 23. Rfc1 Nc6 24. Nf3 Bd8 25. Nc3 Qb3 26. Rd7 Ne7 27. Nd4 Qxc3
28. Bxc3 Bxd7 29. Qe4 g6 30. Qxb7 Bc8 31. Qxa7 Nd5 32. Ba5 Re7 33. Qc5 Bb7 34.
hxg6 hxg6 35. a4 Kg7 36. Be4 Bxa5 37. Qxa5 Ra8 38. Qb5 Nc3 39. Rxc3 Bxe4 40. f3
Rb7 41. Qc5 Bd5 42. a5 Rb1+ 43. Kf2 Nf5 44. Nxf5+ gxf5 45. g4 fxg4 46. fxg4 Rh8
47. Qe7 Rb2+ 48. Kg3 Rh6 49. a6 Rg2+ 50. Kf4 Rg6 51. Rg3 Rf2+ 52. Ke3 Ra2 53. a7
Ra4 54. Kd3 Rh6 55. g5 Rhh4 56. Qf6+ Kg8 57. Qd8+ Kg7 58. Qf6+ Kg8 1/2-1/2

[Event "Spice Cup Open"]
[Site "Saint Louis USA"]
[Date "2012.10.17"]
[Round "3"]
[White "Sarkar, Justin"]
[Black "Perelshteyn, Eugene"]
[Result "0-1"]
[WhiteTitle "IM"]
[BlackTitle "GM"]
[WhiteElo "2408"]
[BlackElo "2528"]
[WhiteFideId "2010011"]
[BlackFideId "2012529"]
[EventDate "2012.10.16"]

1. d4 d5 2. c4 c6 3. Nf3 Nf6 4. Nc3 a6 5. c5 Bf5 6. Nh4 Bg6 7. Bf4 Nbd7 8. e3 e5
9. Bg3 exd4 10. exd4 Nh5 11. Be2 Be7 12. Bxh5 Bxh4 13. Qe2+ Be7 14. Bxg6 hxg6
15. O-O O-O 16. Bc7 Qxc7 17. Qxe7 Rfe8 18. Qg5 Re6 19. Qd2 Rae8 20. b4 Nf6 21.
a4 Ng4 22. g3 Qe7 23. b5 axb5 24. axb5 Qf6 25. Kg2 Nh6 26. Ra7 Nf5 27. Rd1 R6e7
28. h4 cxb5 29. Qf4 b4 30. Nxd5 Qc6 31. Qf3 Re4 32. Nf4 Nxd4 33. Rxd4 Rxd4 34.
Rxb7 Rc8 35. Qxc6 Rxc6 36. Rb8+ Kh7 37. Rb5 f6 38. Kf3 g5 39. hxg5 fxg5 40. Ke3
Rd1 41. Nd3 Re6+ 42. Kd4 Re8 43. Rb6 Rd8+ 44. Rd6 Rxd6+ 45. cxd6 b3 46. d7 b2
47. d8=Q b1=Q 48. Ke3 Qc2 49. Qd4 Qd2+ 50. Ke4 Qe2+ 51. Qe3 Qxe3+ 52. Kxe3 Kg6
53. g4 Kf6 54. Ke4 Ra1 55. f3 Ke6 56. Nc5+ Kd6 57. Nd3 g6 58. Kd4 Ra4+ 59. Ke3
Kd5 60. Nf2 Ra3+ 61. Ke2 Kd4 62. Ne4 Ra2+ 63. Kf1 Ke3 64. Nxg5 Kf4 0-1

[Event "Spice Cup Open"]
[Site "Saint Louis USA"]
[Date "2012.10.17"]
[Round "3"]
[White "Bykhovsky, Anatoly"]
[Black "Kleiman, Jake"]
[Result "1-0"]
[WhiteTitle "GM"]
[BlackTitle "IM"]
[WhiteElo "2522"]
[BlackElo "2377"]
[WhiteFideId "2806991"]
[BlackFideId "2020041"]
[EventDate "2012.10.16"]

1. d4 Nf6 2. Nf3 e6 3. c4 Bb4+ 4. Nbd2 O-O 5. a3 Be7 6. e4 d5 7. e5 Nfd7 8. Bd3
c5 9. Qc2 h6 10. cxd5 exd5 11. O-O Nc6 12. Re1 a5 13. Nf1 cxd4 14. Ng3 Nc5 15.
Nf5 Bxf5 16. Bxf5 Ne6 17. Bxh6 Bg5 18. Bxe6 Bxh6 19. Bh3 g6 20. Rad1 Qe7 21. g3
Bg7 22. Kh1 Rfe8 23. Nh4 Rad8 24. f4 Qc7 25. Rxd4 Qb6 26. Rd3 Ne7 27. Nf3 d4 28.
Qd2 Nc6 29. Ng5 Rd5 30. Bg2 Rb5 31. Re2 Bh6 32. Nf3 Rc5 33. Qe1 Rb5 34. Qf2 Rb3
35. Rdd2 Re3 36. h4 Qc5 37. Kh2 a4 38. Rc2 Rxe2 39. Qxe2 Qb6 40. Ne1 Ne7 41. Be4
Qe6 42. Nd3 b6 43. Nb4 Rd8 44. Rc7 d3 45. Bxd3 b5 46. Bxb5 Bf8 47. Bd3 Qb6 48.
Rc2 Rd4 49. Bc4 Qb7 50. Rd2 Nf5 51. Nd5 Kg7 52. Nc3 Qa7 53. Nb5 Rxd2 54. Nxa7
Rxe2+ 55. Bxe2 Bc5 56. Nb5 Bf2 57. g4 Nd4 58. Nxd4 Bxd4 59. b3 axb3 60. a4 Bc3
61. Kg3 Kf8 62. Kf3 Ke7 63. Bd3 Be1 64. h5 gxh5 65. gxh5 Kf8 66. h6 Bd2 67. f5
Kg8 68. e6 fxe6 69. fxe6 Kf8 70. h7 Bc3 71. a5 Bxa5 1-0

[Event "Spice Cup Open"]
[Site "Saint Louis USA"]
[Date "2012.10.17"]
[Round "3"]
[White "Diamant, Andre"]
[Black "Banawa, Jouaquin"]
[Result "1-0"]
[WhiteTitle "GM"]
[BlackTitle "FM"]
[WhiteElo "2471"]
[BlackElo "2300"]
[WhiteFideId "2108356"]
[BlackFideId "5201632"]
[EventDate "2012.10.16"]

1. c4 e5 2. g3 c5 3. Bg2 Nc6 4. Nc3 g6 5. a3 a5 6. d3 Bg7 7. e3 Nge7 8. Nge2 O-O
9. O-O d6 10. Rb1 h6 11. Bd2 Kh7 12. h3 f5 13. Kh2 Be6 14. Nd5 Bc8 15. Nec3 Nxd5
16. Nxd5 Rb8 17. b4 axb4 18. axb4 b6 19. bxc5 bxc5 20. Rxb8 Nxb8 21. Qb3 Be6 22.
Qb5 Bd7 23. Qb7 Bc6 24. Qa7 Qd7 25. Qb6 Qd8 26. Rb1 Qxb6 27. Rxb6 e4 28. Ne7 Ba8
29. Rxd6 Bf6 30. Nd5 Be5 31. Re6 Nc6 32. Nb6 Bb7 33. Nd7 1-0

[Event "Spice Cup Open"]
[Site "Saint Louis USA"]
[Date "2012.10.17"]
[Round "3"]
[White "Bartholomew, John"]
[Black "Kavutskiy, Konstantin"]
[Result "1-0"]
[WhiteTitle "IM"]
[BlackTitle "FM"]
[WhiteElo "2446"]
[BlackElo "2287"]
[WhiteFideId "2019353"]
[BlackFideId "2026384"]
[EventDate "2012.10.16"]

1. Nf3 Nf6 2. c4 b6 3. g3 Bb7 4. Bg2 c5 5. Nc3 g6 6. O-O Bg7 7. d4 cxd4 8. Qxd4
O-O 9. Qh4 d6 10. Rd1 Nbd7 11. Bh6 Rc8 12. b3 a6 13. Rac1 Rc7 14. Ng5 Bxg2 15.
Kxg2 Re8 16. Nd5 Qa8 17. f3 Rcc8 18. Bxg7 Kxg7 19. Qd4 b5 20. Ne4 bxc4 21. bxc4
Qc6 22. g4 Kg8 23. Ndxf6+ Nxf6 24. Nxf6+ exf6 25. e4 Re6 26. Rd2 Rb8 27. c5 Rc8
28. Rdc2 Rb8 29. Kg3 dxc5 30. Rxc5 Qd6+ 31. Qxd6 Rxd6 32. Rc8+ Rxc8 33. Rxc8+
Kg7 34. Ra8 Rc6 35. h4 h6 36. a4 f5 37. gxf5 gxf5 38. e5 Kg6 39. Rd8 f4+ 40.
Kxf4 Rc4+ 41. Kg3 Rxa4 42. Rd6+ Kf5 43. Rf6+ Kxe5 44. Rxf7 Rb4 45. h5 a5 46. f4+
Ke6 47. Ra7 a4 48. Kg4 Kf6 49. Rh7 Rb1 50. Rxh6+ Kg7 51. Rg6+ Kh7 52. Ra6 Ra1
53. Kg5 Rg1+ 54. Kf6 Ra1 55. f5 a3 56. Kf7 a2 57. f6 Rh1 58. Rxa2 Rxh5 59. Ra7
Rb5 60. Ke7 Kg6 61. f7 Re5+ 62. Kf8 Kh7 63. Ra1 Rf5 64. Ke7 Kg7 65. Rg1+ Kh7 66.
Rh1+ Kg7 67. f8=Q+ Rxf8 68. Rg1+ 1-0

[Event "Spice Cup Open"]
[Site "Saint Louis USA"]
[Date "2012.10.17"]
[Round "3"]
[White "Troff, Kayden W"]
[Black "Bregadze, Levan"]
[Result "1-0"]
[WhiteTitle "FM"]
[BlackTitle "IM"]
[WhiteElo "2312"]
[BlackElo "2366"]
[WhiteFideId "2047896"]
[BlackFideId "13603264"]
[EventDate "2012.10.16"]

1. d4 Nf6 2. c4 e6 3. Nf3 c5 4. d5 b5 5. Bg5 exd5 6. cxd5 Qa5+ 7. Nc3 Ne4 8. Qd3
Nxg5 9. Nxg5 Be7 10. Qf5 Bxg5 11. Qe5+ Be7 12. d6 Nc6 13. Qxg7 Bf8 14. Qxh8 Bb7
15. Qf6 Nd4 16. e3 Nc2+ 17. Kd1 Nxa1 18. Nxb5 Rc8 19. Bc4 1-0

[Event "Spice Cup Open"]
[Site "Saint Louis USA"]
[Date "2012.10.17"]
[Round "3"]
[White "Finegold, Spencer"]
[Black "Agrest, Inna"]
[Result "1-0"]
[BlackTitle "WIM"]
[WhiteElo "2081"]
[BlackElo "2204"]
[WhiteFideId "2047527"]
[BlackFideId "1708830"]
[EventDate "2012.10.16"]

1. d4 Nf6 2. c4 g6 3. Nc3 Bg7 4. e4 d6 5. h3 O-O 6. Be3 Na6 7. Bd3 e5 8. d5 Nh5
9. g3 Qe8 10. Be2 Nf6 11. Qc2 c6 12. g4 Bd7 13. g5 Nh5 14. Bxh5 gxh5 15. Nge2 h4
16. O-O-O Rc8 17. Kb1 b5 18. dxc6 Bxc6 19. Rxd6 bxc4 20. Nc1 Qe7 21. Rhd1 Qb7
22. f3 Rfe8 23. Qf2 Bf8 24. Rh6 Re6 25. Rxe6 fxe6 26. g6 hxg6 27. Qxh4 Rb8 28.
Rd2 Bb4 29. Rg2 Be8 30. Qe1 Nc5 31. Bxc5 Bxc5 32. h4 Qh7 33. Qe2 Bd4 34. Qxc4
Rb6 35. Nb3 Qxh4 36. Rc2 Rc6 37. Qe2 Bb6 38. a3 Rd6 39. Ka2 Rd8 40. Qc4 Qe7 41.
Na4 Bd4 42. Nac5 Bf7 43. Rd2 Rc8 44. Rc2 Rc7 45. Qb5 Rc8 46. Rc1 Be8 47. Qc4 Bf7
48. Qb5 Be8 49. Qb4 Bf7 50. Nd3 Qd8 51. Rxc8 Qxc8 52. Nxd4 exd4 53. Ne5 Qd8 54.
Qc4 Qd6 55. Qc8+ Kg7 56. Qh8+ 1-0

[Event "Spice Cup Open"]
[Site "Saint Louis USA"]
[Date "2012.10.17"]
[Round "3"]
[White "Yang, Darwin"]
[Black "Robson, Ray"]
[Result "0-1"]
[WhiteTitle "IM"]
[BlackTitle "GM"]
[WhiteElo "2485"]
[BlackElo "2602"]
[WhiteFideId "2029111"]
[BlackFideId "2023970"]
[EventDate "2012.10.16"]

1. d4 Nf6 2. c4 g6 3. f3 c5 4. d5 b5 5. cxb5 a6 6. e4 Bg7 7. Na3 O-O 8. Ne2 e6
9. dxe6 fxe6 10. Qd6 axb5 11. Qxc5 d5 12. Ng3 dxe4 13. Bxb5 exf3 14. gxf3 Nfd7
15. Qe3 Ne5 16. f4 Ng4 17. Qf3 Rxa3 18. Qxa3 Qb6 19. Qf3 e5 20. Bc4+ Kh8 21. f5
gxf5 22. Qe2 Nc6 23. h3 Nd4 24. Qd1 Qb4+ 25. Bd2 Qxc4 26. Rc1 Qd5 27. hxg4 Nf3+
28. Kf2 Nxd2 29. Nxf5 Bxf5 30. gxf5 Rxf5+ 31. Ke2 Qg2+ 32. Kd3 e4+ 0-1